| 000 | 00833nam a2200229 i 4500 | ||
|---|---|---|---|
| 001 | 90667 | ||
| 003 | ES-MaACL | ||
| 005 | 20230906180527.0 | ||
| 007 | t| | ||
| 008 | 050124s1982 ag ||||1| spa d | ||
| 100 | 1 |
_aLeibniz, Gottfried Wilhelm _cFreiherr von. _971367 |
|
| 245 | 1 | 0 |
_aEscritos filosóficos / _cG.W. Leibniz ; edición de Ezequiel de Olaso ; notas de Ezequiel de Olaso y Roberto Torretti ; traducciónes de Roberto Torretti, Tomás E. Zwanck y Ezequiel de Olaso. |
| 260 |
_aBuenos Aires : _bCharcas, _c[1982] |
||
| 300 |
_a666 p. ; _c23 cm. |
||
| 490 | 1 | _aBiblioteca de filosofía | |
| 700 | 1 |
_aOlaso, Ezequiel de. _986666 |
|
| 700 | 1 |
_aTorretti, Roberto. _9111036 |
|
| 700 | 1 |
_aZwanck, E. _9118556 |
|
| 830 | 0 |
_aBiblioteca de filosofía _9181615 |
|
| 852 |
_aES-MaACL _jL-6529 _bR.107776 |
||
| 999 |
_c90667 _d90667 |
||